| 000 | 00464cam a22001337a 4500 | ||
|---|---|---|---|
| 008 | 180718b2004 xxu||||| |||| 00| 0 eng d | ||
| 082 | _aQ31x54 In2/24 | ||
| 100 | _aMehta, Aasha Kapur | ||
| 245 |
_aChronic poverty in India: overview of key emerging issues _cby Aasha Kapur Mehta and Andrew Shepherd |
||
| 260 |
_aNew Delhi _bIndian Institute of Public Administration _c2004 |
||
| 300 | _a45p. | ||
| 440 | _aCPRC-IIPA working paper.; 24 | ||
| 700 | _aShepherd, Andres | ||
| 999 |
_c502440 _d502440 |
||